000 00894cam a2200229 a 4500
003 MX-MxUPN
005 20240417063659.0
008 190225s2004 a fr 000 0 spa d
035 _aUPN01000229258
040 _aMX-MxUPN
_bspa
050 4 _aLB1765 M6
_bA84 2004
245 0 0 _aAsesoría técnico pedagógica en las escuelas de educación básica : folleto informativo
260 _aMéxico, D.F. :
_bSecretaría de Educación Pública, Coordinación General de Actualización y Capacitación para Maestros en Servicio ,
_c2004.
300 _a30 páginas
490 0 _aExámenes nacionales para maestros en servicio
500 _aCiclo escolar 2004-2005.
650 4 _951566
_aMaestros
_xExámenes y certificación
_zMéxico
650 4 _aAsesores educativos en servicio, Formación de
_918129
902 _bVíctorGodínez/160424
942 _2lcc
_cFOLL
999 _c201353
_d201353